[Event "DEM U8w 2025"]
[Site "Willingen GER"]
[Date "2025.06.12"]
[Round "4"]
[White "Piatrushko, Alisa"]
[Black "Beck, Fiona"]
[Result "1-0"]
[Termination "normal"]
[Board "13"]
[WhiteElo "795"]
[BlackElo "859"]
[WhiteClock "00:47:33"]
[BlackClock "00:01:36"]
[PlyCount "115"]
[EventCountry "GER"]
[EventRounds "7"]
[EventType "swiss"]
[EventDate "2025.06.10"]

1. e4 {[%clk 01:00:25]} {[%emt 00:00:03]} e5 {[%clk 01:00:26]} {[%emt
00:00:04]} 2. Nf3 {[%clk 01:00:37]} {[%emt 00:00:04]} Nc6 {[%clk 01:00:31]}
{[%emt 00:00:09]} 3. Bc4 {[%clk 01:00:45]} {[%emt 00:00:08]} Bc5 {[%clk
01:00:34]} {[%emt 00:00:12]} 4. Nc3 {[%clk 01:00:47]} {[%emt 00:00:14]} Nf6
{[%clk 01:00:27]} {[%emt 00:00:21]} 5. O-O {[%clk 01:00:52]} {[%emt 00:00:11]}
O-O {[%clk 01:00:28]} {[%emt 00:00:13]} 6. d3 {[%clk 01:01:04]} {[%emt
00:00:02]} d6 {[%clk 01:00:29]} {[%emt 00:00:15]} 7. Bg5 {[%clk 01:01:09]}
{[%emt 00:00:09]} Bg4 {[%clk 00:59:59]} {[%emt 00:00:45]} 8. h3 {[%clk
01:01:17]} {[%emt 00:00:08]} Bh5 {[%clk 00:59:46]} {[%emt 00:00:28]} 9. Bb5
{[%clk 01:01:01]} {[%emt 00:00:31]} h6 {[%clk 00:59:17]} {[%emt 00:00:43]} 10.
Bh4 {[%clk 01:01:06]} {[%emt 00:00:10]} a6 {[%clk 00:59:00]} {[%emt 00:00:33]}
11. Bxc6 {[%clk 01:01:07]} {[%emt 00:00:14]} bxc6 {[%clk 00:58:54]} {[%emt
00:00:21]} 12. a3 {[%clk 01:00:17]} {[%emt 00:01:06]} a5 {[%clk 00:47:04]}
{[%emt 00:12:05]} 13. Kh1 {[%clk 00:59:25]} {[%emt 00:01:06]} a4 {[%clk
00:37:48]} {[%emt 00:09:31]} 14. Rg1 {[%clk 00:59:33]} {[%emt 00:00:08]} d5
{[%clk 00:31:30]} {[%emt 00:06:32]} 15. Qe2 {[%clk 00:59:25]} {[%emt 00:00:23]}
d4 {[%clk 00:29:36]} {[%emt 00:02:00]} 16. Na2 {[%clk 00:59:11]} {[%emt
00:00:34]} Bd6 {[%clk 00:29:31]} {[%emt 00:00:23]} 17. Nb4 {[%clk 00:59:15]}
{[%emt 00:00:12]} Qd7 {[%clk 00:27:57]} {[%emt 00:01:50]} 18. Bxf6 {[%clk
00:58:51]} {[%emt 00:00:37]} c5 {[%clk 00:23:55]} {[%emt 00:04:18]} 19. Bh4
{[%clk 00:58:54]} {[%emt 00:00:12]} cxb4 {[%emt 00:00:17]} 20. axb4 {[%clk
00:58:54]} {[%emt 00:00:12]} Bg6 {[%clk 00:21:53]} {[%emt 00:02:17]} 21. Bg3
{[%clk 00:58:19]} {[%emt 00:00:50]} Qe7 {[%clk 00:20:17]} {[%emt 00:01:51]} 22.
Bh4 {[%clk 00:58:06]} {[%emt 00:00:28]} Qe6 {[%clk 00:20:12]} {[%emt 00:00:18]}
23. b5 {[%clk 00:58:05]} {[%emt 00:00:19]} Bh5 {[%clk 00:18:59]} {[%emt
00:01:28]} 24. c3 {[%clk 00:57:57]} {[%emt 00:00:23]} dxc3 {[%clk 00:18:41]}
{[%emt 00:00:32]} 25. bxc3 {[%clk 00:57:58]} {[%emt 00:00:14]} a3 {[%clk
00:18:41]} {[%emt 00:00:16]} 26. Qa2 {[%clk 00:57:44]} {[%emt 00:00:28]} Qe8
{[%clk 00:17:21]} {[%emt 00:01:36]} 27. d4 {[%clk 00:57:43]} {[%emt 00:00:16]}
exd4 {[%clk 00:17:02]} {[%emt 00:00:33]} 28. cxd4 {[%clk 00:57:38]} {[%emt
00:00:16]} Qxe4 {[%clk 00:15:19]} {[%emt 00:02:01]} 29. Rge1 {[%clk 00:56:50]}
{[%emt 00:01:05]} Qg6 {[%clk 00:14:51]} {[%emt 00:00:42]} 30. Qb3 {[%clk
00:55:55]} {[%emt 00:01:10]} Rab8 {[%clk 00:14:33]} {[%emt 00:00:28]} 31. d5
{[%clk 00:55:23]} {[%emt 00:00:53]} Rb6 {[%clk 00:13:12]} {[%emt 00:01:36]} 32.
Qb1 {[%clk 00:53:20]} {[%emt 00:02:13]} Bxf3 {[%clk 00:12:24]} {[%emt
00:01:08]} 33. Qxg6 {[%clk 00:53:16]} {[%emt 00:00:17]} fxg6 {[%clk 00:12:12]}
{[%emt 00:00:28]} 34. gxf3 {[%clk 00:53:08]} {[%emt 00:00:20]} Rxf3 {[%emt
00:00:27]} 35. Kg2 {[%emt 00:00:24]} Rf4 {[%clk 00:11:11]} {[%emt 00:00:27]}
36. Bg3 {[%clk 00:53:10]} {[%emt 00:00:15]} Rf6 {[%emt 00:00:47]} 37. Bxd6
{[%emt 00:00:49]} Rbxd6 {[%clk 00:09:24]} {[%emt 00:00:26]} 38. Red1 {[%clk
00:52:52]} {[%emt 00:00:32]} Rf5 {[%clk 00:08:06]} {[%emt 00:01:32]} 39. Rxa3
{[%clk 00:52:49]} {[%emt 00:00:17]} Rdf6 {[%clk 00:08:14]} {[%emt 00:00:11]}
40. Rd2 {[%clk 00:52:40]} {[%emt 00:00:23]} Rg5+ {[%clk 00:08:05]} {[%emt
00:00:22]} 41. Kf1 {[%clk 00:52:39]} {[%emt 00:00:17]} h5 {[%clk 00:06:13]}
{[%emt 00:02:06]} 42. f3 {[%clk 00:51:32]} {[%emt 00:01:23]} Rff5 {[%clk
00:05:30]} {[%emt 00:00:59]} 43. Kf2 {[%clk 00:50:54]} {[%emt 00:00:52]} h4
{[%clk 00:05:22]} {[%emt 00:00:23]} 44. Rdd3 {[%clk 00:50:23]} {[%emt
00:00:47]} Re5 {[%clk 00:04:32]} {[%emt 00:01:03]} 45. f4 {[%clk 00:50:10]}
{[%emt 00:00:29]} Rgf5 {[%clk 00:04:24]} {[%emt 00:00:23]} 46. Kf3 {[%clk
00:50:01]} {[%emt 00:00:25]} g5 {[%clk 00:04:04]} {[%emt 00:00:34]} 47. Kg4
{[%clk 00:50:02]} {[%emt 00:00:14]} Kh7 {[%clk 00:03:26]} {[%emt 00:00:52]} 48.
Rd4 {[%clk 00:48:57]} {[%emt 00:01:21]} Kh6 {[%clk 00:03:23]} {[%emt 00:00:18]}
49. fxe5 {[%clk 00:48:34]} {[%emt 00:00:38]} g6 {[%clk 00:02:48]} {[%emt
00:00:50]} 50. Ra8 {[%clk 00:48:03]} {[%emt 00:00:47]} Rf2 {[%clk 00:02:13]}
{[%emt 00:00:49]} 51. Rc4 {[%clk 00:47:44]} {[%emt 00:00:36]} Rf1 {[%clk
00:02:08]} {[%emt 00:00:18]} 52. d6 {[%clk 00:47:40]} {[%emt 00:00:20]} Rg1+
{[%clk 00:01:59]} {[%emt 00:00:23]} 53. Kf3 {[%clk 00:47:37]} {[%emt 00:00:19]}
Rg3+ {[%clk 00:01:46]} {[%emt 00:00:28]} 54. Ke4 {[%clk 00:47:35]} {[%emt
00:00:17]} Rxh3 {[%clk 00:01:42]} {[%emt 00:00:17]} 55. dxc7 {[%clk 00:47:41]}
{[%emt 00:00:10]} Rg3 {[%clk 00:01:36]} {[%emt 00:00:19]} 56. c8=Q {[%clk
00:47:33]} {[%emt 00:00:25]} Kh5 {[%emt 00:00:26]} 57. Rc7 {[%emt 00:00:26]} h3
{[%emt 00:00:14]} 58. Rh7+ {[%emt 00:00:08]} 1-0

[Event "DEM U8w 2025"]
[Site "Willingen GER"]
[Date "2025.06.13"]
[Round "6"]
[White "Schmidt, Neele"]
[Black "Sydykova, Zarema"]
[Result "0-1"]
[Termination "normal"]
[Board "1"]
[WhiteElo "1125"]
[BlackElo "1141"]
[WhiteClock "00:18:36"]
[BlackClock "00:52:35"]
[PlyCount "77"]
[WhiteFideId "533025487"]
[EventCountry "GER"]
[EventRounds "7"]
[EventType "swiss"]
[EventDate "2025.06.10"]

1. e4 {[%clk 01:00:28]} {[%emt 00:00:01]} e5 {[%clk 01:00:25]} {[%emt
00:00:06]} 2. Nf3 {[%clk 01:00:38]} {[%emt 00:00:05]} Nc6 {[%clk 01:00:35]}
{[%emt 00:00:05]} 3. d4 {[%clk 01:00:45]} {[%emt 00:00:08]} exd4 {[%clk
01:00:43]} {[%emt 00:00:07]} 4. Bc4 {[%clk 01:00:45]} {[%emt 00:00:14]} Be7
{[%clk 01:00:04]} {[%emt 00:00:54]} 5. c3 {[%clk 00:59:56]} {[%emt 00:01:04]}
dxc3 {[%clk 00:59:49]} {[%emt 00:00:29]} 6. Qd5 {[%clk 00:59:08]} {[%emt
00:01:02]} Nh6 {[%clk 00:58:38]} {[%emt 00:01:27]} 7. Bxh6 {[%clk 00:59:04]}
{[%emt 00:00:20]} O-O {[%clk 00:58:40]} {[%emt 00:00:13]} 8. Bc1 {[%clk
00:58:09]} {[%emt 00:01:09]} Nb4 {[%clk 00:58:22]} {[%emt 00:00:34]} 9. Qd1
{[%clk 00:56:13]} {[%emt 00:02:05]} c2 {[%clk 00:58:14]} {[%emt 00:00:28]} 10.
Qd2 {[%clk 00:53:07]} {[%emt 00:03:16]} cxb1=Q {[%emt 00:00:23]} 11. Rxb1
{[%clk 00:52:55]} {[%emt 00:00:24]} Nc6 {[%clk 00:57:59]} {[%emt 00:00:29]} 12.
b3 {[%clk 00:52:08]} {[%emt 00:01:02]} Bb4 {[%clk 00:58:03]} {[%emt 00:00:11]}
13. Qxb4 {[%clk 00:46:00]} {[%emt 00:06:22]} Nxb4 {[%clk 00:58:02]} {[%emt
00:00:16]} 14. Bg5 {[%clk 00:45:16]} {[%emt 00:00:58]} Qe8 {[%clk 00:58:02]}
{[%emt 00:00:15]} 15. O-O {[%clk 00:43:53]} {[%emt 00:01:38]} h6 {[%clk
00:58:00]} {[%emt 00:00:18]} 16. Bd2 {[%clk 00:42:50]} {[%emt 00:01:17]} Nc6
{[%clk 00:57:34]} {[%emt 00:00:42]} 17. h3 {[%clk 00:42:29]} {[%emt 00:00:34]}
d6 {[%clk 00:57:33]} {[%emt 00:00:17]} 18. a4 {[%clk 00:36:49]} {[%emt
00:05:56]} Be6 {[%clk 00:56:35]} {[%emt 00:01:13]} 19. Bxe6 {[%clk 00:36:09]}
{[%emt 00:00:54]} Qxe6 {[%clk 00:56:26]} {[%emt 00:00:25]} 20. Rfe1 {[%clk
00:34:45]} {[%emt 00:01:38]} Ne5 {[%clk 00:55:50]} {[%emt 00:00:52]} 21. Nd4
{[%clk 00:33:53]} {[%emt 00:01:07]} Qg6 {[%clk 00:55:00]} {[%emt 00:01:04]} 22.
Nf5 {[%clk 00:33:31]} {[%emt 00:00:37]} Rfe8 {[%clk 00:54:51]} {[%emt
00:00:25]} 23. Nd4 {[%clk 00:32:00]} {[%emt 00:01:46]} c5 {[%clk 00:54:38]}
{[%emt 00:00:29]} 24. Re3 {[%clk 00:29:28]} {[%emt 00:02:45]} cxd4 {[%clk
00:54:32]} {[%emt 00:00:22]} 25. Rg3 {[%clk 00:28:03]} {[%emt 00:01:39]} Qxe4
{[%clk 00:54:22]} {[%emt 00:00:24]} 26. Re1 {[%clk 00:27:35]} {[%emt 00:00:41]}
Qh7 {[%clk 00:54:03]} {[%emt 00:00:37]} 27. Rc1 {[%clk 00:25:05]} {[%emt
00:02:43]} Rac8 {[%clk 00:53:40]} {[%emt 00:00:40]} 28. Rxc8 {[%clk 00:24:26]}
{[%emt 00:00:53]} Rxc8 {[%clk 00:53:48]} {[%emt 00:00:08]} 29. Bb4 {[%clk
00:24:23]} {[%emt 00:00:17]} d5 {[%clk 00:53:27]} {[%emt 00:00:36]} 30. Bd6
{[%clk 00:23:36]} {[%emt 00:01:01]} Nd7 {[%clk 00:53:12]} {[%emt 00:00:31]} 31.
Rg4 {[%clk 00:22:11]} {[%emt 00:01:39]} d3 {[%clk 00:53:08]} {[%emt 00:00:20]}
32. Rd4 {[%clk 00:22:02]} {[%emt 00:00:22]} Nf6 {[%clk 00:53:04]} {[%emt
00:00:20]} 33. Be5 {[%clk 00:21:34]} {[%emt 00:00:40]} Rd8 {[%clk 00:52:43]}
{[%emt 00:00:39]} 34. Bxf6 {[%clk 00:20:32]} {[%emt 00:01:17]} gxf6 {[%clk
00:52:51]} {[%emt 00:00:08]} 35. b4 {[%clk 00:20:29]} {[%emt 00:00:17]} Re8
{[%clk 00:52:26]} {[%emt 00:00:40]} 36. Rxd5 {[%clk 00:20:12]} {[%emt
00:00:30]} Re2 {[%clk 00:52:23]} {[%emt 00:00:17]} 37. Rd8+ {[%clk 00:20:06]}
{[%emt 00:00:22]} Kg7 {[%clk 00:52:28]} {[%emt 00:00:10]} 38. a5 {[%clk
00:19:07]} {[%emt 00:01:15]} d2 {[%clk 00:52:35]} {[%emt 00:00:08]} 39. Kh2
{[%clk 00:18:36]} {[%emt 00:00:46]} Qf5 {[%clk 00:52:12]} {[%emt 00:00:38]} 40.
f3 {[%clk 00:18:26]} {[%emt 00:00:25]} Qe5+ {[%clk 00:52:06]} {[%emt 00:00:20]}
41. Kg1 {[%clk 00:18:21]} {[%emt 00:00:20]} Re1+ {[%clk 00:52:11]} {[%emt
00:00:10]} 42. Kf2 {[%clk 00:18:28]} {[%emt 00:00:08]} Rf1+ {[%clk 00:52:08]}
{[%emt 00:00:19]} 43. Kxf1 {[%clk 00:18:27]} {[%emt 00:00:16]} Qe1# {[%clk
00:52:17]} {[%emt 00:00:06]} 0-1

[Event "DEM U8w 2025"]
[Site "Willingen GER"]
[Date "2025.06.13"]
[Round "6"]
[White "Caber, Marianna Maya"]
[Black "Dobrynina, Alina"]
[Result "1-0"]
[Termination "normal"]
[Board "2"]
[WhiteElo "973"]
[BlackElo "979"]
[WhiteClock "00:54:31"]
[BlackClock "00:44:48"]
[PlyCount "51"]
[WhiteFideId "533024170"]
[EventCountry "GER"]
[EventRounds "7"]
[EventType "swiss"]
[EventDate "2025.06.10"]

1. Nf3 {[%clk 01:00:27]} {[%emt 00:00:02]} d5 {[%clk 01:00:20]} {[%emt
00:00:10]} 2. g3 {[%clk 01:00:23]} {[%emt 00:00:20]} Nf6 {[%clk 01:00:21]}
{[%emt 00:00:10]} 3. Bg2 {[%clk 01:00:16]} {[%emt 00:00:24]} Nc6 {[%clk
01:00:19]} {[%emt 00:00:18]} 4. d4 {[%clk 01:00:16]} {[%emt 00:00:16]} Bf5
{[%clk 01:00:14]} {[%emt 00:00:19]} 5. O-O {[%clk 01:00:11]} {[%emt 00:00:20]}
Qd7 {[%clk 01:00:02]} {[%emt 00:00:28]} 6. Nbd2 {[%clk 00:59:42]} {[%emt
00:00:43]} O-O-O {[%clk 00:59:59]} {[%emt 00:00:14]} 7. Re1 {[%clk 00:59:32]}
{[%emt 00:00:31]} Bh3 {[%clk 00:59:27]} {[%emt 00:00:46]} 8. e4 {[%clk
00:59:13]} {[%emt 00:00:34]} Bxg2 {[%clk 00:56:51]} {[%emt 00:02:50]} 9. Kxg2
{[%clk 00:59:17]} {[%emt 00:00:12]} h5 {[%clk 00:56:08]} {[%emt 00:00:58]} 10.
h4 {[%clk 00:59:00]} {[%emt 00:00:31]} Rg8 {[%clk 00:52:29]} {[%emt 00:03:55]}
11. a3 {[%clk 00:58:36]} {[%emt 00:00:40]} dxe4 {[%clk 00:51:46]} {[%emt
00:00:58]} 12. Nxe4 {[%clk 00:58:29]} {[%emt 00:00:22]} Nxe4 {[%clk 00:51:11]}
{[%emt 00:00:49]} 13. Rxe4 {[%clk 00:58:33]} {[%emt 00:00:12]} Qf5 {[%clk
00:49:39]} {[%emt 00:01:47]} 14. Re3 {[%clk 00:56:52]} {[%emt 00:01:55]} g5
{[%clk 00:49:34]} {[%emt 00:00:20]} 15. Nxg5 {[%clk 00:56:54]} {[%emt
00:00:14]} Bh6 {[%clk 00:49:14]} {[%emt 00:00:29]} 16. Rd3 {[%clk 00:56:09]}
{[%emt 00:01:06]} f6 {[%clk 00:48:29]} {[%emt 00:00:59]} 17. Nf7 {[%clk
00:55:31]} {[%emt 00:00:53]} Rdf8 {[%clk 00:48:02]} {[%emt 00:00:39]} 18. Nxh6
{[%clk 00:55:30]} {[%emt 00:00:20]} Rxg3+ {[%clk 00:47:11]} {[%emt 00:01:05]}
19. fxg3 {[%clk 00:55:31]} {[%emt 00:00:14]} Qd5+ {[%clk 00:46:48]} {[%emt
00:00:38]} 20. Qf3 {[%clk 00:55:30]} {[%emt 00:00:17]} Qc4 {[%clk 00:45:59]}
{[%emt 00:00:59]} 21. c3 {[%clk 00:54:44]} {[%emt 00:01:06]} e5 {[%clk
00:44:58]} {[%emt 00:01:16]} 22. dxe5 {[%clk 00:54:32]} {[%emt 00:00:27]} Nxe5
{[%clk 00:44:52]} {[%emt 00:00:21]} 23. Qf5+ {[%clk 00:54:15]} {[%emt
00:00:31]} Nd7 {[%clk 00:44:45]} {[%emt 00:00:23]} 24. Qxd7+ {[%clk 00:54:17]}
{[%emt 00:00:13]} Kb8 {[%clk 00:44:47]} {[%emt 00:00:15]} 25. Qd8+ {[%clk
00:54:23]} {[%emt 00:00:08]} Rxd8 {[%clk 00:44:48]} {[%emt 00:00:13]} 26. Rxd8#
{[%clk 00:54:31]} {[%emt 00:00:07]} 1-0

[Event "DEM U8w 2025"]
[Site "Willingen GER"]
[Date "2025.06.13"]
[Round "6"]
[White "Renzmann, Lea"]
[Black "Murrau, Adela"]
[Result "0-1"]
[Termination "normal"]
[Board "4"]
[WhiteElo "827"]
[BlackElo "991"]
[WhiteClock "00:51:54"]
[BlackClock "00:54:42"]
[PlyCount "44"]
[EventCountry "GER"]
[EventRounds "7"]
[EventType "swiss"]
[EventDate "2025.06.10"]

1. e4 {[%clk 01:00:29]} e5 {[%clk 01:00:23]} {[%emt 00:00:08]} 2. Nf3 {[%clk
01:00:40]} {[%emt 00:00:04]} Nc6 {[%clk 01:00:30]} {[%emt 00:00:07]} 3. Bc4
{[%clk 01:00:50]} {[%emt 00:00:06]} Bc5 {[%clk 01:00:37]} {[%emt 00:00:07]} 4.
O-O {[%clk 01:00:51]} {[%emt 00:00:13]} Nf6 {[%clk 01:00:46]} {[%emt 00:00:07]}
5. Nc3 {[%clk 01:00:55]} {[%emt 00:00:11]} O-O {[%clk 01:00:53]} {[%emt
00:00:08]} 6. d3 {[%clk 01:01:06]} {[%emt 00:00:03]} h6 {[%clk 01:00:16]}
{[%emt 00:00:52]} 7. Re1 {[%clk 01:01:10]} {[%emt 00:00:12]} Ng4 {[%clk
00:59:54]} {[%emt 00:00:36]} 8. Re2 {[%clk 01:00:51]} {[%emt 00:00:33]} Nd4
{[%clk 00:59:45]} {[%emt 00:00:24]} 9. Re1 {[%clk 01:00:36]} {[%emt 00:00:30]}
Nxf3+ {[%clk 00:57:03]} {[%emt 00:02:57]} 10. Qxf3 {[%clk 01:00:34]} {[%emt
00:00:17]} Bxf2+ {[%clk 00:56:50]} {[%emt 00:00:28]} 11. Kh1 {[%clk 01:00:37]}
{[%emt 00:00:11]} Bxe1 {[%clk 00:56:49]} {[%emt 00:00:16]} 12. Qxg4 {[%clk
01:00:44]} {[%emt 00:00:09]} d5 {[%clk 00:56:51]} {[%emt 00:00:14]} 13. Bxd5
{[%clk 01:00:17]} {[%emt 00:00:41]} Bxg4 {[%clk 00:56:42]} {[%emt 00:00:24]}
14. h3 {[%clk 00:59:05]} {[%emt 00:01:26]} Bxc3 {[%clk 00:56:23]} {[%emt
00:00:34]} 15. bxc3 {[%clk 00:58:15]} {[%emt 00:01:06]} Bd1 {[%clk 00:56:26]}
{[%emt 00:00:12]} 16. Bb3 {[%clk 00:57:27]} {[%emt 00:01:03]} Qf6 {[%clk
00:56:30]} {[%emt 00:00:11]} 17. Ba3 {[%clk 00:54:57]} {[%emt 00:02:46]} Qf1+
{[%clk 00:56:20]} {[%emt 00:00:24]} 18. Kh2 {[%clk 00:55:03]} {[%emt 00:00:08]}
Rfd8 {[%clk 00:56:13]} {[%emt 00:00:17]} 19. c4 {[%clk 00:53:52]} {[%emt
00:01:32]} a5 {[%clk 00:55:39]} {[%emt 00:00:48]} 20. c3 {[%clk 00:53:34]}
{[%emt 00:00:33]} Rxd3 {[%emt 00:00:44]} 21. Bc2 {[%clk 00:51:54]} {[%emt
00:01:40]} Rxc3 {[%clk 00:54:58]} {[%emt 00:00:41]} 22. Bxd1 {[%emt 00:00:42]}
Rxa3 {[%clk 00:54:42]} {[%emt 00:00:13]} 0-1

[Event "DEM U8w 2025"]
[Site "Willingen GER"]
[Date "2025.06.13"]
[Round "6"]
[White "Markov, Agnia-Sari"]
[Black "Wranik, Tabea"]
[Result "1-0"]
[Termination "normal"]
[Board "6"]
[WhiteElo "920"]
[BlackElo "767"]
[WhiteClock "00:33:59"]
[BlackClock "00:42:28"]
[PlyCount "53"]
[EventCountry "GER"]
[EventRounds "7"]
[EventType "swiss"]
[EventDate "2025.06.10"]

1. e4 {[%clk 01:00:29]} {[%emt 00:00:01]} e5 {[%clk 01:00:11]} {[%emt
00:00:20]} 2. Nf3 {[%clk 01:00:34]} {[%emt 00:00:10]} Nc6 {[%clk 01:00:06]}
{[%emt 00:00:19]} 3. Bc4 {[%clk 01:00:38]} {[%emt 00:00:10]} Nf6 {[%clk
00:59:53]} {[%emt 00:00:28]} 4. d3 {[%clk 01:00:10]} {[%emt 00:00:43]} Bc5
{[%clk 00:59:27]} {[%emt 00:00:41]} 5. O-O {[%clk 00:59:31]} {[%emt 00:00:55]}
O-O {[%clk 00:59:13]} {[%emt 00:00:29]} 6. Bg5 {[%clk 00:59:32]} {[%emt
00:00:10]} h6 {[%clk 00:58:56]} {[%emt 00:00:36]} 7. Bh4 {[%clk 00:59:37]}
{[%emt 00:00:10]} d6 {[%clk 00:57:50]} {[%emt 00:01:21]} 8. Nc3 {[%clk
00:59:35]} {[%emt 00:00:17]} Bg4 {[%clk 00:56:55]} {[%emt 00:01:10]} 9. Nd5
{[%clk 00:58:37]} {[%emt 00:01:13]} g5 {[%clk 00:56:21]} {[%emt 00:00:49]} 10.
Nxf6+ {[%clk 00:57:13]} {[%emt 00:01:38]} Qxf6 {[%clk 00:55:55]} {[%emt
00:00:41]} 11. Bg3 {[%clk 00:56:38]} {[%emt 00:00:44]} Nd4 {[%clk 00:55:57]}
{[%emt 00:00:20]} 12. h3 {[%clk 00:54:57]} {[%emt 00:01:53]} Nxf3+ {[%emt
00:02:41]} 13. gxf3 {[%clk 00:52:39]} {[%emt 00:00:13]} Bxf3 {[%clk 00:55:48]}
{[%emt 00:00:26]} 14. Qe1 {[%clk 00:51:25]} {[%emt 00:01:14]} h5 {[%clk
00:54:37]} {[%emt 00:01:43]} 15. b4 {[%clk 00:48:34]} {[%emt 00:03:07]} Bd4
{[%clk 00:54:31]} {[%emt 00:00:21]} 16. c3 {[%clk 00:46:24]} {[%emt 00:02:24]}
Bb6 {[%clk 00:54:06]} {[%emt 00:00:40]} 17. Bd5 {[%clk 00:40:42]} {[%emt
00:05:58]} a6 {[%clk 00:52:59]} {[%emt 00:01:23]} 18. Bxb7 {[%clk 00:40:01]}
{[%emt 00:00:55]} Qe6 {[%clk 00:52:43]} {[%emt 00:00:31]} 19. Kh2 {[%clk
00:38:01]} {[%emt 00:02:15]} Ra7 {[%clk 00:52:18]} {[%emt 00:00:40]} 20. Bd5
{[%clk 00:37:51]} {[%emt 00:00:21]} Qd7 {[%clk 00:52:07]} {[%emt 00:00:29]} 21.
Rg1 {[%clk 00:36:40]} {[%emt 00:01:22]} c6 {[%clk 00:49:09]} {[%emt 00:03:40]}
22. Bh4 {[%clk 00:36:15]} {[%emt 00:00:37]} cxd5 {[%clk 00:48:48]} {[%emt
00:00:38]} 23. Rxg5+ {[%clk 00:35:57]} {[%emt 00:00:28]} Kh7 {[%clk 00:46:07]}
{[%emt 00:01:44]} 24. Qg1 {[%clk 00:35:56]} {[%emt 00:01:32]} Kh8 {[%clk
00:43:14]} {[%emt 00:03:10]} 25. Rxh5+ {[%clk 00:33:58]} {[%emt 00:02:12]} Bxh5
{[%clk 00:43:03]} {[%emt 00:00:25]} 26. Bf6+ {[%clk 00:33:50]} {[%emt
00:00:24]} Kh7 {[%clk 00:42:28]} {[%emt 00:00:51]} 27. Qg7# {[%clk 00:33:59]}
{[%emt 00:00:05]} 1-0

[Event "DEM U8w 2025"]
[Site "Willingen GER"]
[Date "2025.06.13"]
[Round "6"]
[White "Altshuler, Olena"]
[Black "Dudi, Srija"]
[Result "1-0"]
[Termination "normal"]
[Board "7"]
[WhiteElo "848"]
[BlackElo "834"]
[WhiteClock "00:45:32"]
[BlackClock "00:40:55"]
[PlyCount "63"]
[WhiteFideId "533026114"]
[EventCountry "GER"]
[EventRounds "7"]
[EventType "swiss"]
[EventDate "2025.06.10"]

1. d4 {[%clk 01:00:26]} {[%emt 00:00:03]} d5 {[%clk 01:00:28]} {[%emt
00:00:03]} 2. Bf4 {[%clk 01:00:19]} {[%emt 00:00:21]} Bf5 {[%clk 00:59:37]}
{[%emt 00:01:07]} 3. Nc3 {[%clk 00:59:52]} {[%emt 00:00:41]} Nf6 {[%clk
00:59:49]} {[%emt 00:00:05]} 4. Nb5 {[%clk 00:59:22]} {[%emt 00:00:44]} e5
{[%clk 00:59:25]} {[%emt 00:00:39]} 5. dxe5 {[%emt 00:01:39]} Ng4 {[%clk
00:59:09]} {[%emt 00:00:02]} 6. e6 {[%clk 00:56:34]} {[%emt 00:02:08]} Bxe6
{[%clk 00:58:27]} {[%emt 00:00:12]} 7. Nxc7+ {[%clk 00:56:39]} {[%emt
00:00:55]} Kd7 {[%clk 00:58:28]} {[%emt 00:00:10]} 8. Nxa8 {[%clk 00:56:35]}
{[%emt 00:00:22]} Nc6 {[%clk 00:56:43]} {[%emt 00:02:00]} 9. Nc7 {[%clk
00:55:56]} {[%emt 00:00:54]} Bc5 {[%clk 00:56:39]} {[%emt 00:00:20]} 10. Nxe6
{[%clk 00:55:26]} {[%emt 00:00:45]} Kxe6 {[%clk 00:56:33]} {[%emt 00:00:18]}
11. e4 {[%clk 00:54:50]} {[%emt 00:00:54]} Nxf2 {[%clk 00:56:36]} {[%emt
00:00:30]} 12. exd5+ {[%clk 00:54:42]} {[%emt 00:00:35]} Qxd5 {[%clk 00:56:20]}
{[%emt 00:00:30]} 13. Qe2+ {[%clk 00:54:20]} {[%emt 00:00:38]} Kf5 {[%clk
00:56:03]} {[%emt 00:00:31]} 14. Be3 {[%clk 00:50:57]} {[%emt 00:03:39]} Bxe3
{[%clk 00:55:57]} {[%emt 00:00:20]} 15. Qxe3 {[%clk 00:50:38]} {[%emt
00:00:34]} Nxh1 {[%clk 00:55:58]} {[%emt 00:00:15]} 16. Bd3+ {[%clk 00:50:00]}
{[%emt 00:00:53]} Kf6 {[%clk 00:55:17]} {[%emt 00:00:54]} 17. Qf4+ {[%clk
00:48:56]} {[%emt 00:00:58]} Ke7 {[%clk 00:55:14]} {[%emt 00:00:34]} 18. Qh4+
{[%clk 00:48:11]} {[%emt 00:01:06]} f6 {[%clk 00:52:15]} {[%emt 00:00:50]} 19.
O-O-O {[%clk 00:48:21]} {[%emt 00:02:27]} Qxa2 {[%clk 00:51:06]} {[%emt
00:02:53]} 20. Re1+ {[%clk 00:48:17]} {[%emt 00:00:30]} Kf7 {[%clk 00:51:16]}
{[%emt 00:00:05]} 21. Bc4+ {[%clk 00:48:24]} {[%emt 00:00:08]} Qxc4 {[%clk
00:43:00]} {[%emt 00:12:14]} 22. Qxc4+ {[%clk 00:48:20]} {[%emt 00:00:18]} Kg6
{[%clk 00:43:05]} {[%emt 00:00:09]} 23. Nf3 {[%clk 00:48:02]} {[%emt 00:00:34]}
Na5 {[%clk 00:41:49]} {[%emt 00:01:31]} 24. Qg4+ {[%clk 00:48:00]} {[%emt
00:00:17]} Kf7 {[%clk 00:41:42]} {[%emt 00:00:22]} 25. Qd7+ {[%clk 00:47:21]}
{[%emt 00:00:55]} Kg6 {[%clk 00:41:41]} {[%emt 00:00:15]} 26. Nh4+ {[%clk
00:47:18]} {[%emt 00:00:18]} Kg5 {[%clk 00:41:34]} {[%emt 00:00:21]} 27. Qd4
{[%clk 00:46:47]} {[%emt 00:00:44]} Kh6 {[%clk 00:41:02]} {[%emt 00:00:50]} 28.
Rxh1 {[%clk 00:46:35]} {[%emt 00:00:27]} Kh5 {[%clk 00:41:13]} {[%emt
00:00:04]} 29. Rf1 {[%clk 00:46:30]} {[%emt 00:00:19]} Kg5 {[%clk 00:41:15]}
{[%emt 00:00:14]} 30. Rf5+ {[%clk 00:45:53]} {[%emt 00:00:52]} Kh6 {[%clk
00:41:13]} {[%emt 00:00:11]} 31. Qd5 {[%clk 00:45:32]} {[%emt 00:00:42]} b6
{[%clk 00:40:55]} {[%emt 00:00:34]} 32. Rh5# {[%emt 00:00:12]} 1-0